1498 1868 1986 1658 1635 1470 1150 1338 1882 1143 1620 1026 1354 1865 1949 1206 1043 1627 1704 1443 1987 1909 1678 1412 1610 1992 1143 1204 1016 1139 1203 1413 1421 1276 1324 1463 1634 1448 1618 1872 1416 1457 1882 1056 1732 1864 1542 1182 1315 1087 1179 1952 1922 1124 1260 1768 1859 1235 1887 1638 1488 1554 1778 1993 1194 1733 1629 1186 1083 1089 1306 1020 1081 1905 1548 1587 1044 1064 1877 1916 1136 1445 1332 1315 1942 1760 1261 1413 1035 1311 1861 1619 1038 1728 1741 1988 1291 1642 1063 BCNSPRNW ULIB Ver.6.0+V

เปลี่ยนเป็นภาษาไทย

Change to English
 แสดงรายละเอียดบรรณานุกรม
  กลับหน้าหลัก

Brief Record : Get Marc (ISO 2709) : E-mail record : QR code < ปิดหน้าต่าง
LEADER : 00000nam 2200000uu 4500
001    13399125579
003     ULIB
008    170701s2559||||th 000 0 tha d
020    ^a9786161812331
060  4  ^aWO500^bบ969
245  0  ^aไบเบิลศัลยกรรมเกาหลี /^cThe Grand Plastic Surgery, เขียน ; อภิศรี, แปล.
250    ^aพิมพ์ครั้งที่ 1.
260    ^aกรุงเทพฯ :^bอมรินทร์เฮลท์,^c2559.
300    ^a185 หน้า :^bภาพประกอบ ;^c22 ซม.
490    ^aชุดความงาม ;^vลำดับที่ 47
650    ^aสตรี^xความงาม.
650    ^aสุขภาพกับความงาม.
650    ^aศัลยกรรมตกแต่ง.
700  0  ^aอภิศรี,^eผู้แปล.
945    ^p365^l0^i25237
999    ^aทศพร เกษรทอง
รายการนี้ยังไม่มีแท็ก
คุณยังไม่ได้ล็อกอิน คุณสามารถมีกิจกรรมร่วมกับเว็บไซต์ได้ แต่ต้องล็อกอินก่อน ::
  ล็อกอิน

รายการสื่อสารสนเทศ

ลำดับที่ ประเภท เลขเรียก/บาร์โค้ด สถานที่ สถานะ
1. วิทยาศาสตร์การแพทย์ และสุขภาพ
หนังสือสำรอง
สถานะ=หนังสือสำรอง
WO500 บ969 ฉ.1 
  Barcode: 25237
ห้องสมุดวิทยาเขตนครสวรรค์
►หนังสือทั่วไป:l:General Books
บนชั้น

รายการใกล้เคียง
    หัวเรื่อง [สุขภาพกับความงาม.]
    หัวเรื่อง [ศัลยกรรมตกแต่ง.]

BibComment


ยังไม่เคยถูกคอมเมนท์

คอมเมนท์ทรัพยากรรายการนี้
  คอมเมนท์: ไบเบิลศัลยกรรมเ..


 Copyright 2026. Bcnsprnw @Library